MDQL
is popping MORE tags! Check the
thread
!
Quizzes
Events
Quiz Creation
Community
Videos
Private Events
Remove Ads
Sign In
Join for FREE
Feedback
Dark Mode
Quiz Categories
Sports
Geography
Music
Movies
Television
Just For Fun
Miscellaneous
History
Literature
Language
Science
Gaming
Entertainment
Religion
Holiday
For Kids
Quiz Lab
Recent
Popular Today
Quiz Kudos Today
Editor Picks
Curator Picks
Quizzes by...
Day
Popularity
Type
Ratings
Length
Year
Community
Subscriptions
Recent Discussions
Orange Saloon
Badges
Playlists
Quests
Create
Leaderboards
Showdown
Live 5
Trivia Bingo
Activity
Puzzle Library
Sporcle Events
Private Events
Virtual Trivia
Globe League
Become a Host
Pub Owners
SporcleCon
Opinionation
Our Games
Videos
Blog
Mobile Apps
Partnerships
Remove Ads and Go Orange
Feedback
Gaming
Video Games
Board Games
Card Games
Pokémon
Mario
Nintendo
Minecraft
Console
Toys
Legend of Zelda
Gaming
Video Games
Board Games
Card Games
Pokémon
Mario
Nintendo
Minecraft
Console
Toys
Legend of Zelda
Random Quiz
Search Sporcle
×
Quiz Lab
Quiz Lab
Gaming
World
Type in answers that appear in a list
Type in answers that appear in a list
Classic
Best Score? Go Orange.
2000s WSOP Final Table Players Stats
Can you name the World Series Of Poker Final Table Players (2000s)?
By
DrexxMac
12m
90 Questions
697 Plays
697 Plays
697 Plays
Comments
Comments
Give Quiz Kudos
Give Quiz Kudos
-
- Ratings
hide this ad
Replay
Link that replays current quiz
Next Quiz
Link to next quiz in quiz playlist
You Got
0%
They Got
Avg Score
34%
Avg Friend Score
Upgrade to see
Score Distribution
Jump to the score distribution portion of the page
Score
0/90
Timer
12:00
0
Plays Today
Year
Players
% Correct
2009
Phil Ivey
89.7%
2003
Chris Moneymaker
89%
2004
Greg Raymer
83.6%
2006
Jamie Gold
82.5%
2005
Joseph Hachem
81.9%
2009
Joe Cada
81.3%
2008
Peter Eastgate
80.2%
2000
Chris Ferguson
77.5%
2007
Jerry Yang
75%
2003
Sam Farha
73.9%
2004
Dan Harrington
70.9%
2003
Dan Harrington
70.9%
2001
Juan Carlos Mortensen
69.9%
2004
David Williams
68%
2009
Darvin Moon
67%
2005
Mike Matusow
67%
2001
Mike Matusow
67%
2001
Phil Hellmuth Jr
66.3%
2002
Robert Varkonyi
64.4%
2006
Allen Cunningham
58.1%
2008
Ivan Demidov
57%
2006
Paul Wasicka
50.8%
2008
Dennis Phillips
48.6%
2000
T. J. Cloutier
45.2%
2009
Jeff Schulman
44.2%
2000
Jeff Schulman
44.2%
2005
Steve Dannenmann
42.3%
2007
Tuan Lam
40.6%
2004
Josh Arieh
40.6%
2009
Antoine Saout
40.5%
Year
Players
% Correct
2006
Richard Lee
36%
2003
Amir Vahedi
34.6%
2009
James Akenhead
34.4%
2005
Andrew Black
33.1%
2008
David 'Chino' Rheem
32.9%
2008
Kelly Kim
31.6%
2006
Douglas Kim
31.6%
2009
Steven Begleiter
31.4%
2009
Eric Buchman
31%
2005
Tex Barch
30.7%
2006
Michael Binger
30.6%
2007
Raymond Rahme
30.4%
2007
Philip Hilm
29.8%
2007
Lee Watkinson
29.3%
2003
Jason Lester
27.8%
2001
Phil Gordon
27.5%
2008
Scott Montgomery
27.1%
2001
Dewey Tomko
27%
2008
Ylon Schwartz
26.7%
2002
Julian Gardner
26.7%
2005
Aaron Kanter
26%
2007
Hevad Khan
25%
2003
Tomer Benvenisti
22.8%
2009
Kevin Schaffel
22.7%
2007
Lee Childs
22.4%
2005
Scott Lazar
22.2%
2004
Al Krux
21.5%
2007
Alex Kravchenko
21.1%
2008
Craig Marquis
20.5%
2003
David Grey
20.5%
Year
Players
% Correct
2003
David Singer
20.5%
2008
Darus Suharto
20.2%
2004
Mattias Andersson
18.2%
2004
Glen Hughes
18.1%
2006
Rhett Butler
17.4%
2004
Matt Dean
15.9%
2003
Young Pak
15.4%
2006
Erik Friberg
14.6%
2004
Michael McClain
14.3%
2007
Jon Kalmar
14.2%
2005
Brad Kondracki
14.2%
2006
Dan Nassif
13.6%
2002
Minh Ly
12.6%
2000
James McManus
12.3%
2000
Hasan Habib
12.2%
2005
Daniel Bergsdorf
11.9%
2002
Scott Gray
11.8%
2002
Ralph Perry
11.5%
2000
Mickey Appleman
9.9%
2002
Tony D
9.2%
2000
Tom Franklin
8%
2002
Harley Hall
7.7%
2002
Russell Rosenblum
7.5%
2002
John Shipley
7.5%
2001
Stan Schrier
3.2%
2001
Steve Riehle
3%
2000
Steve Kaufman
3%
2001
Henry Nowakowski
2.9%
2001
John Inashima
2.9%
2000
Roman Abinsay
2.4%
Quiz Playlist
Details
Report
Send in Message
Add To Playlist
Classic:
Type in answers that appear in a list
Last Updated: Feb 16, 2017
Quiz Scoreboard
CHALLENGE
Sign Up to Join the Scoreboard
Show All
Scores
Hide
Comments
May contain spoilers
Recently Published
5x2 Blitz: Bands
by SL_Kpop136
Music
30s
Colored Red Africa Blitz
by spor1
Geography
30s
Find the 'City' Movie
by crazypaving
Movies
60s
More to Explore
Quiz From the Vault
Featured Blog Post
14 Easter Pick-up Lines to Find Eggs With
hide this ad
You Might Also Like...
Tags
World Quiz
2000
final
Final Table
Finished
Player
Poker
Table
World Series
WSOP
Today's Top Quizzes in Gaming
Browse Gaming
hide this ad
Today's Top Quizzes in World
Browse World
Top Contributed Quizzes in Gaming
1
Dead By Daylight Logic Puzzle
2
League of Legends Pro Players by Career/Team History
3
Destiny 2 exotic weapons by perk icons
4
Genshin Impact Logic Puzzle
5
Overwatch 2: Ultimate Ability Icons
6
Genshin Impact Logic Puzzle Quiz II
7
Windmill: Elements
8
Overwatch Logic Puzzle
9
Genshin Impact Logic Puzzle Quiz
10
Genshin murder mystery
Explore More
Trending Topics
NBA
Crossword
Kpop
Harry Potter
Anime
Marvel
Disney
Puzzle
WWE
Country
NFL
Song
The Office
Soccer
Pokémon
hide this ad
More By:
DrexxMac
Quiz
Plays
Rating
Category
Featured
Created
2000s WSOP Final Table Players
697
4.60
Gaming
Nov 17, 2009
Go to Creator's Profile
Score Distribution
Quiz Creator Spotlight
DrexxMac
Follow
Send a Message
Quizzes Created
-
Created Quiz Play Count
-
More By This Creator
Popular Quizzes Today
1
Colored Red Africa Blitz
2
Find the 'City' Movie
3
Find the US States - No Outlines Minefield
4
5x2 Blitz: Bands
5
The Countries of the World
6
Find the US States
7
US States
8
9x9 Crossword: Cartoon Network
More Gaming Quizzes
Get the Picture: Gym Leaders III
Quiz Lab
Trending Quizzes
Colored Red Europe Blitz I
Colored Red Europe Blitz II
Colored Red Africa Blitz II
Colored Red Europe Blitz III
Colored Red Africa Blitz III
Recently Updated
How Do You Spell That?
pecheneg
Godzilla Movies
pecheneg
Grab Bag: 4-10 Letters
pecheneg
2024 March Madness Bracket
pecheneg
Famous TV Couples
Peacemaker
Champions League XIs: Real Madrid
pecheneg
Largest US Cities 1790-2010
pecheneg
Rides in Walt Disney World
pecheneg
Most Oscar Losses (Acting)
pecheneg
Beyoncé Albums
pecheneg
Trending Topics
Anime
Marvel
Kpop
Harry Potter
Disney
NBA
Crossword
Soccer
Country
Puzzle
NFL
Song
WWE
Pokémon
The Office
Your Account Isn't Verified!
In order to create a playlist on Sporcle, you need to verify the email address you used during registration. Go to your
Sporcle Settings
to finish the process.
Report this User
Report this user for behavior that violates our
Community Guidelines
.
Details:
Send Report
Go to the Sporcle.com Mobile Site →
Comments